Osmanlı Devrinde son sadrıazamlar : (Record no. 45393)
| 000 -BAŞLIK | |
|---|---|
| Sabit Uzunluktaki Kontrol Alanı | 01908nam a22003017a 4500 |
| 001 - KONTROL NUMARASI | |
| Control Dosyası | 0045424 |
| 003 - KONTROL NUMARASI KİMLİĞİ | |
| Kontrol Alanı | KOHA_MİRAKIL |
| 005 - EN SON İŞLEM TARİHİ ve ZAMANI | |
| Kontrol Alanı | 20260207003445.0 |
| 007 - FİZİKSEL TANIM SABİT ALAN - GENEL BİLGİ | |
| Sabit uzunluklu kontrol alanı | ta |
| 008 - SABİT UZUNLUKTAKİ VERİ ÖGELERİ - GENEL BİLGİ | |
| Sabit Alan | 140108b tu |||gr||||#0|||0|tur | |
| 040 ## - KATALOGLAMA KAYNAĞI | |
| Özgün Kataloglama Kurumu | TR-BiSEU |
| Kataloglama Dili | tur |
| Çeviri Kurumu | TR-BiSEU |
| Açıklama Kuralları | rda |
| 041 0# - DİL KODU | |
| Metin ya da ses kaydının dil kodu | tur |
| 044 ## - YAYINLAYAN/ÜRETEN KURULUŞUN ÜLKE KODU | |
| ISO country code | tu |
| 050 ## - SINIFLAMA ve YER NUMARASI | |
| Sınıflama Numarası | DR438.5 |
| Yer Numarası | .I53 1940 |
| 100 1# - KİŞİ ADI | |
| Yazar Adı (Kişi adı) | İnal, Mahmut Kemal. |
| 245 1# - ESER ADI BİLDİRİMİ | |
| Başlık | Osmanlı Devrinde son sadrıazamlar : |
| Alt Eseradı vb. | Ahmed Arifi- Mehmed Said Paşalar/ |
| Sorumluluk Bildirimi | Mahmut Kemal İnal ; Mahmut Kemal İnal. |
| 264 #1 - ÜRERİM, YAYIN, DAĞITIM ve TELİF BİLDİRİMİ | |
| Yayın yeri | İstanbul : |
| Yayınlayan | [Maarif Matbaası] |
| 300 ## - FİZİKSEL TANIMLAMA | |
| Sayfa, Cilt vb. | 10 c. ; |
| Boyutları | 23 cm. |
| 336 ## - İÇERİK TÜRÜ | |
| Content type term | metin |
| Content type code | txt |
| Source | rdacontent |
| 337 ## - MEDYA TÜRÜ | |
| Media type term | aracısız |
| Media type code | n |
| Source | rdamedia |
| 338 ## - TAŞIYICI TÜRÜ | |
| Carrier type term | cilt |
| Carrier type code | nc |
| Source | rdacarrier |
| 505 ## - İÇİNDEKİLER NOTU | |
| İçindekiler Notu | Contents : v.1 (Cüz 1) Ali - Mehmed Ali - MustafaNaili - Mehmed Emin - Mehmed Rüşdi - Füad Paşalar--v.2 Füad - Yusüf Kâmil - Mahmud Nedim - Ahmet Midhat Paşalar--v.3 Ahmed Midhat - Ehmed Esat - Mehmed Rüşdi Paşalar--v.4 Hüseyin Avni - İbrahim Edhem - Ahmed Hamdi Paşalar--v.5 Ahmed Hamdi - Ahmed Vefik - Mehmed Sadık Paşalar--v.6 Mehmed Esat Safvet - Hayrüddin Paşalar--v.7 Ahmed Arifi - Mehmed Said Paşalar--v.8 Mehmed Sait Paşa--v.9 Sultan Abdülhamid - Mehmed Kadri Paşa - Abdürrahman Paşa - Mehmed Kamil Paşa--v.10 Kâmil Paşa - Ahmed Cevad Paşa - Halil Rif'at Paşa - mehmed ferit Paşa--v.11 Mehmed Ferit Paşa - Hüseyin Hilmi Paşa - Ahmed Tevfik Paşa--v.12 Ahmed Tevfik Paşa - İbrahim Hakkı Paşa - Ahmed Muhtar Paşa - Mahmud Şevket Paşa - Mehmed Said Halim Paşa--v.13 Mehmed Said Halim Paşa - Mehmed Tal'at Paşa - Ahmed İzzet Paşa - Damad Mehmed Ferid Paşa--v.14 Sultan Vahidüddin - Ali Rıza Paşa - Salih Hulusi Paşa. |
| 650 #0 - KONU BAŞLIĞI EK GİRİŞ - KONU TERİMİ | |
| Konusal terim veya coğrafi ad | Osmanlı İmparatorluğu--Biyografi. |
| 9 (RLIN) | 83745 |
| 650 #0 - KONU BAŞLIĞI EK GİRİŞ - KONU TERİMİ | |
| Konusal terim veya coğrafi ad | Devlet adamları--Türkiye--Tarih. |
| 9 (RLIN) | 83746 |
| 650 #0 - KONU BAŞLIĞI EK GİRİŞ - KONU TERİMİ | |
| Konusal terim veya coğrafi ad | Turkey--History--Ottoman Empire, 1288-1918. |
| 9 (RLIN) | 4433 |
| 907 ## - LOCAL DATA ELEMENT G, LDG (RLIN) | |
| a | Tarih |
| 942 ## - EK GİRİŞ ÖGELERİ (KOHA) | |
| Source of classification or shelving scheme | Library of Congress Classification |
| Koha item type | Book |
| Materyal Türü | Kalıcı Konum | Mevcut Konum | Raf Yeri | Sınıflandırma Kaynağı | Edinim Bilgisi | Ana Konular | Alt Konular | Yer Numarası | Cilt Bilgisi | Demirbaş Numarası | Fatura Tarihi | Geri Çekilme Durumu | Kayıp Durumu | Hasarlı Durumu | Kredi için değil | Kayıt Tarih | Toplam Ödünçverme | Son Görülme Tarihi | Son Kontrol Tarihi | Genel / Bağış Notu |
|---|---|---|---|---|---|---|---|---|---|---|---|---|---|---|---|---|---|---|---|---|
| Book | Prof. Dr. Azmi Özcan Kütüphanesi | Prof. Dr. Azmi Özcan Kütüphanesi | Uluğbey Salonu | Library of Congress Classification | Bağış | DÜNYA TARİHİ (AVRUPA, ASYA, AFRİKA VB.) | Balkan Yarımadası | DR438.5 .I53 1940 | c.7 | 0045424 | 02/02/2026 | 08/01/2014 | 05/12/2024 | 05/12/2024 | Genel Bağış |
